00562 2200205 4500001002100000005001500021035002000036007000300056008004100059020002200100082000800122084001400130100002900144245007300173250001000246260004000256300002800296650002100324990001100345INLIS00000000000005420170907010725 a0010-0917000040ta170907 f 0 ind  a978-979-433-824-7 a297 a297 MUH s0 aMuhammad, Quraish Shihab1 aSecercah Cahaya Ilahi :bHidup Bersama Al Quran /cM. Quraish Shihab acet.1 aBandung :bMizan Media Utama,c2014 a540 hlm ;c15,7 x 24 cm aTafsir Al Qur'an a14.963